Repealing certain laws and amending other laws relating to naval aviation cadets; and providing for aviation cadets in the Naval Reserve and Marine Corps Reserve, and for other purposes.

Bibliographic Details
Corporate Authors: United States. Congress. Senate. Committee on Naval Affairs, ProQuest (Firm)
Format: eBook
Language:English
Published: Washington : [publisher not identified], 1942.
Series:United States congressional serial set.
Subjects:
Online Access:Connect to the full text of this electronic book

MARC

Tag First Indicator Second Indicator Subfields
LEADER 00000cam a22000001a 4500
001 in00003082621
005 20190403172732.0
006 m o d
007 cr un mmmapmmp
008 080222s1942 dcu o f000 0 eng d
035 |a cis2004213276 
040 |a UMI  |c UMI  |d UtOrBLW 
043 |a n-us--- 
099 |a ProQuest Serial Set Number 10658 S.rp.1565 
110 1 |a United States.  |b Congress.  |b Senate.  |b Committee on Naval Affairs. 
245 1 0 |a Repealing certain laws and amending other laws relating to naval aviation cadets; and providing for aviation cadets in the Naval Reserve and Marine Corps Reserve, and for other purposes. 
246 1 |a Providing for aviation cadets in Naval Reserve and Marine Corps Reserve 
264 1 |a Washington :  |b [publisher not identified],  |c 1942. 
300 |a 1 online resource. 
336 |a text  |b txt  |2 rdacontent 
337 |a computer  |b c  |2 rdamedia 
338 |a online resource  |b cr  |2 rdacarrier 
490 0 |a S.rp.1565 
500 |a Record is based on bibliographic data in ProQuest U.S. Serial Set Digital Collection (last viewed Feb. 2008). Reuse except for individual research requires license from ProQuest, LLC. 
510 3 |a ProQuest U.S. Serial Set Digital Collection 
500 |a Electronic resource. 
650 0 |a Military cadets. 
650 0 |a Aeronautics, Military. 
650 0 |a Naval reserves. 
655 7 |a Electronic books.  |2 local 
710 2 |a ProQuest (Firm) 
830 0 |a United States congressional serial set. 
856 4 0 |u http://proxy.library.tamu.edu/login?url=http://congressional.proquest.com/congcomp/getdoc?SERIAL-SET-ID=10658+S.rp.1565  |z Connect to the full text of this electronic book  |t 0 
999 |a MARS 
999 f f |s 58934dc1-686b-32bc-9404-1ab9c289f45a  |i d456535f-2087-35a5-be37-4290b7ae1662  |t 0 
952 f f |a Texas A&M University  |b College Station  |c Electronic Resources  |d Available Online  |t 0  |e ProQuest Serial Set Number 10658 S.rp.1565  |h Other scheme 
998 f f |a ProQuest Serial Set Number 10658 S.rp.1565  |t 0  |l Available Online